Sounds the Same Game Quiz Stats

 Plays Quiz Updated Dec 12, 2018

Support Sporcle.
Go Orange.
Score 0/42 Timer 10:00
1 Play Today
% Correct
Beaches of Beeches
91.5%
Gorilla of Guerrilla
91.4%
Knights of Nights
91%
Kernels of Colonels
90.5%
Butler of Butler
82.1%
Hair of Hare
82.1%
Time of Thyme
80.8%
Principals of Principles
79.2%
Cache of Cash
78.5%
Coarse of Course
77.7%
Cases of Cases
77.7%
Wails of Whales
75.9%
Prints of Prince
75.5%
Hearts of Harts
75.4%
Pairs of Pears
75.3%
Routes of Roots
73.8%
Tales of Tails
71.7%
Tunes of Toons
71.4%
Wigs of Whigs
71.2%
Feat of Feet
70.9%
Crews of Cruise
70.7%
% Correct
Mewls of Mules
69.4%
Manors of Manners
64.5%
Presence of Presents
63.1%
Pros of Prose
62.7%
Counsels of Councils
62%
Reign of Rain
60.8%
More of Moore
60.7%
Prophet of Profit
60.3%
Roads of Rhodes
60.2%
Turns of Terns
60%
Cause of Caws
58%
Reviews of Revues
57.9%
Worst of Wurst
57.5%
Whit of Wit
57.1%
Little of Little
52.3%
Bits of Bits
50.1%
Minutes of Minutes
48.9%
Cursers of Cursors
46.9%
Orders of Orders
46.8%
Peak of Pique
46.6%
Place of Plaice
41.2%

You're not logged in!

Compare scores with friends on all Sporcle quizzes.
OR
Log In
Forgot?

From the Vault

Badly 3D Modeled Movies II

by Thebiguglyalien

Movies 5m
Well you know, budget cuts can hit some studios pretty hard, alright?
Remove Ads.
Support Sporcle.
Get the best of Sporcle when you Go Orange. This ad-free experience offers more features, more stats, and more fun while also helping to support Sporcle. Thank you for becoming a member.

Show Comments

Extras

Top Quizzes Today


Score Distribution

Your Account Isn't Verified!

In order to create a playlist on Sporcle, you need to verify the email address you used during registration. Go to your Sporcle Settings to finish the process.

Report this User

Report this user for behavior that violates our Community Guidelines.

Details: